000 00323nam a2200121Ia 4500
008 211105s9999 xx 000 0 und d
020 _aVYASA11134
100 _aK P Jog
245 0 _aSaresvara'S Vartika On Khila Kanda With Half-Verse Index
250 _a1st
260 _bMotilal Banarsidass Publishers
_c\N
300 _a698
999 _c11077
_d11077